000 00793nam a2200265Ia 4500
003 OSt
005 20220925204005.0
006 a|||||r|||| 00| 0
007 ta
008 220923b |||||||| |||| 00| 0 eng d
020 _a2903678014
037 _cGeneral Book
040 _aRTL
_cRTL
_beng
041 _2eng
_aeng
082 _aY9(W:5), M1
100 _aKotukapaly J
_9267510
245 0 _aBlueprint for a post-industrial civilization
_b A realistic approach to Utopia
260 _aFrance
_bJoseph A. Kotukapaly
_c1981
300 _a204p
_ccm.
500 _aBibliography chapterwise
650 _a Social Justice
_929730
650 _aSociology irt Political science
_9248745
942 _hY9(W:5), M1
_cGB
_2CC
999 _c548289
_d548289